000 00500nam a2200193Ia 4500
003 OSt
005 20220926040740.0
006 a|||||r|||| 00| 0
007 ta
008 220923b |||||||| |||| 00| 0 eng d
037 _cGeneral Book
040 _aRTL
_cRTL
_beng
041 _2eng
_aeng
082 _aX, F0
100 _aHecht John S
_9344068
245 0 _aReal wealth of nations or a new civilization and i
942 _hX, F0
_cGB
_2CC
999 _c665589
_d665589